Statistics for Unanimous Survivor Winners

Click here to take the quiz!

General Stats

  • This quiz has been taken 37 times
  • The average score is 4 of 5

Answer Stats

Answer% Correct
John Cochran
94%
J. T. Thomas
79%
Earl Cole
76%
Jeremy Collins
74%
Adam Klein
65%

Score Distribution

Percentile by Number Answered

Percent of People with Each Score

Your Score History

You have not taken this quiz